[Event "Calvia Amateur op 12th"]
[Site "Calvia"]
[Date "2015.10.17"]
[Round "8"]
[White "Hajenius, Willem"]
[Black "Obers, Frits"]
[Result "1-0"]
[WhiteElo "1923"]
[BlackElo "2080"]
[PlyCount "65"]
[EventDate "2015.10.10"]
[EventType "swiss"]
[EventRounds "9"]
[EventCountry "ESP"]
[SourceTitle "EXT 2019"]
[Source "ChessBase"]
[SourceDate "2018.10.10"]
[SourceVersion "1"]
[SourceVersionDate "2018.10.10"]
[SourceQuality "1"]

1. d4 Nf6 2. c4 c5 3. d5 e6 4. Nc3 exd5 5. cxd5 d6 6. e4 g6 7. f4 Bg7 8. Nf3 0-0 9. Be2 Nbd7 10. e5 dxe5 11. fxe5 Ng4 12. Bg5 f6 13. exf6 Bxf6 14. Bxf6 Qxf6 15. Qd2 Nde5 16. 0-0 Bf5 17. Ng5 Qb6 18. d6 c4+ 19. Kh1 Bd3 20. Nge4 Ne3 21. Rfe1 Nc2 22. Qh6 Bxe2 23. Nd5 Ng4 24. Ne7+ Kf7 25. Qxh7+ Ke6 26. Qxg6+ Kd7 27. Rxe2 Nxa1 28. Qxg4+ Kd8 29. Nf5 Qa5 30. Neg3 Qxa2 31. Qg5+ Kd7 32. Qe7+ Kc6 33. Qc7+ 1-0

[Event "Calvia Amateur op 12th"]
[Site "Calvia"]
[Date "2015.10.16"]
[Round "7"]
[White "Obers, Frits"]
[Black "Tscharotschkin, Michael"]
[Result "1/2-1/2"]
[WhiteElo "2080"]
[BlackElo "2181"]
[PlyCount "29"]
[EventDate "2015.10.10"]
[EventType "swiss"]
[EventRounds "9"]
[EventCountry "ESP"]
[SourceTitle "EXT 2019"]
[Source "ChessBase"]
[SourceDate "2018.10.10"]
[SourceVersion "1"]
[SourceVersionDate "2018.10.10"]
[SourceQuality "1"]

1. c4 e5 2. g3 Nf6 3. Bg2 Nc6 4. Nc3 Bc5 5. Nf3 d6 6. d3 h6 7. 0-0 a6 8. a3 Ba7 9. b4 Nd4 10. e3 Nxf3+ 11. Bxf3 c6 12. d4 Bh3 13. Re1 0-0 14. dxe5 dxe5 15. Bb2 1/2-1/2

[Event "Calvia Amateur op 8th"]
[Site "Calvia"]
[Date "2011.10.14"]
[Round "7"]
[White "Obers, Frits"]
[Black "Perez Lopez, Jesus Maria"]
[Result "1/2-1/2"]
[WhiteElo "2105"]
[BlackElo "2280"]
[PlyCount "31"]
[EventDate "2011.10.08"]
[EventType "swiss"]
[EventRounds "9"]
[EventCountry "ESP"]
[SourceTitle "CBM 144 Extra"]
[Source "ChessBase"]
[SourceDate "2011.10.28"]
[SourceVersion "1"]
[SourceVersionDate "2011.10.28"]
[SourceQuality "1"]

1. c4 Nf6 2. g3 c6 3. b3 g6 4. Bb2 Bg7 5. Bg2 0-0 6. Nf3 d6 7. d4 Ne4 8. Nfd2 Nxd2 9. Qxd2 Nd7 10. 0-0 Qc7 11. Nc3 e5 12. dxe5 dxe5 13. Ba3 Re8 14. Bd6 Qa5 15. b4 Qd8 16. Rad1 1/2-1/2

[Event "Calvia Amateur op 8th"]
[Site "Calvia"]
[Date "2011.10.13"]
[Round "6"]
[White "Orcera Gomez, Francisco"]
[Black "Obers, Frits"]
[Result "0-1"]
[WhiteElo "1764"]
[BlackElo "2105"]
[PlyCount "68"]
[EventDate "2011.10.08"]
[EventType "swiss"]
[EventRounds "9"]
[EventCountry "ESP"]
[SourceTitle "CBM 144 Extra"]
[Source "ChessBase"]
[SourceDate "2011.10.28"]
[SourceVersion "1"]
[SourceVersionDate "2011.10.28"]
[SourceQuality "1"]

1. Nf3 c5 2. c4 g6 3. g3 Bg7 4. Bg2 Nc6 5. Nc3 e5 6. d3 Nge7 7. e4 d6 8. Be3 0-0 9. Qd2 a6 10. Bh6 Nd4 11. Nxd4 cxd4 12. Ne2 Be6 13. Bxg7 Kxg7 14. 0-0 Qd7 15. f4 f6 16. b3 Ng8 17. Rf2 Nh6 18. Qb4 Ng4 19. Bh3 Nxf2 20. Bxe6 Nxd3 21. Qd2 Qxe6 22. Qxd3 Rfc8 23. Re1 b5 24. Rc1 bxc4 25. bxc4 Rab8 26. f5 Qd7 27. g4 gxf5 28. gxf5 Kh8 29. Qh3 Rb2 30. Ng3 Qg7 31. Kh1 Qg5 32. Rg1 Rg8 33. Ne2 Qxg1+ 34. Nxg1 Rb1 0-1

[Event "Benidorm op U2300 09th"]
[Site "Benidorm"]
[Date "2010.12.11"]
[Round "10"]
[White "Obers, Frits"]
[Black "Prieto Aranguren, Alain"]
[Result "0-1"]
[WhiteElo "2103"]
[BlackElo "2179"]
[PlyCount "44"]
[EventDate "2010.12.03"]
[EventType "swiss"]
[EventRounds "10"]
[EventCountry "ESP"]
[SourceTitle "CBM 139 Extra"]
[Source "ChessBase"]
[SourceDate "2011.01.05"]
[SourceVersion "1"]
[SourceVersionDate "2011.01.05"]
[SourceQuality "1"]

1. c4 Nf6 2. g3 g6 3. Bg2 Bg7 4. Nc3 0-0 5. e4 d6 6. Nge2 e5 7. 0-0 Nc6 8. d3 Nd7 9. Be3 Nc5 10. d4 exd4 11. Nxd4 Ne5 12. b3 Ng4 13. Bc1 Re8 14. f4 c6 15. h3 Qb6 16. hxg4 Nxb3 17. axb3 Qxd4+ 18. Kh2 Qxd1 19. Rxd1 Bxc3 20. Ra2 Bxg4 21. Rxd6 a5 22. Be3 Rad8 0-1

[Event "Arctic Chess Challenge"]
[Site "Tromsoe"]
[Date "2010.08.07"]
[Round "8"]
[White "Obers, Frits"]
[Black "Nomat, Emil Lion"]
[Result "1-0"]
[WhiteElo "2112"]
[BlackElo "1826"]
[PlyCount "141"]
[EventDate "2010.07.31"]
[EventType "swiss"]
[EventRounds "9"]
[EventCountry "NOR"]
[SourceTitle "CBM 137 Extra"]
[Source "ChessBase"]
[SourceDate "2010.09.01"]
[SourceVersion "1"]
[SourceVersionDate "2010.09.01"]
[SourceQuality "1"]

1. c4 Nf6 2. g3 e6 3. Bg2 c5 4. Nf3 Nc6 5. 0-0 d5 6. b3 Be7 7. e3 0-0 8. Bb2 Ne4 9. d3 Bf6 10. Qe2 Bxb2 11. Qxb2 Qf6 12. Qxf6 Nxf6 13. Nc3 Rd8 14. Rfd1 Bd7 15. cxd5 exd5 16. d4 cxd4 17. Nxd4 Be6 18. Nxc6 bxc6 19. Na4 Kf8 20. Rac1 Rac8 21. Nc5 Ke7 22. Rd4 Nd7 23. b4 Ne5 24. f3 Nc4 25. Rc3 Nd6 26. Rd1 Nb5 27. Rcd3 Bf5 28. R3d2 Be6 29. Bf1 Nd6 30. Kf2 Rb8 31. Na6 Rb6 32. a3 Bc8 33. Nc5 Be6 34. Rc1 Rc8 35. Ba6 Rc7 36. g4 Bc8 37. Bd3 h6 38. Nb3 Ba6 39. Bxa6 Rxa6 40. Na5 c5 41. Rxd5 c4 42. e4 f6 43. Ke3 c3 44. Kd3 Nf7 45. Rxc3 Rxc3+ 46. Kxc3 Ne5 47. f4 Nxg4 48. Rd2 g5 49. h3 Ne3 50. fxg5 fxg5 51. Kd4 Nf1 52. Rd3 Rd6+ 53. Kc3 Re6 54. e5 h5 55. Rf3 Nh2 56. Rf2 g4 57. Rxh2 g3 58. Rg2 h4 59. Kd4 Kd7 60. Kd5 Re8 61. Nc4 Rf8 62. Ne3 Rf4 63. e6+ Ke7 64. Ke5 Rf8 65. Nf5+ Ke8 66. Nxh4 Rh8 67. Nf5 Rxh3 68. Rxg3 Rh8 69. Rc3 Kd8 70. Kd6 Rh7 71. e7+ 1-0

[Event "Arctic Chess Challenge"]
[Site "Tromsoe"]
[Date "2010.08.03"]
[Round "4"]
[White "Obers, Frits"]
[Black "Mikalsen, Harald"]
[Result "1/2-1/2"]
[WhiteElo "2112"]
[BlackElo "1880"]
[PlyCount "35"]
[EventDate "2010.07.31"]
[EventType "swiss"]
[EventRounds "9"]
[EventCountry "NOR"]
[SourceTitle "CBM 137 Extra"]
[Source "ChessBase"]
[SourceDate "2010.09.01"]
[SourceVersion "1"]
[SourceVersionDate "2010.09.01"]
[SourceQuality "1"]

1. c4 c5 2. g3 Nc6 3. Bg2 Nf6 4. Nf3 e6 5. 0-0 Be7 6. b3 0-0 7. Bb2 d5 8. e3 Rb8 9. d4 dxc4 10. bxc4 Re8 11. Qe2 Bd7 12. Nc3 cxd4 13. exd4 Qa5 14. Rfd1 Ba3 15. Qc2 a6 16. Rab1 Bxb2 17. Rxb2 Rec8 18. Qb3 1/2-1/2

[Event "Arctic Chess Challenge"]
[Site "Tromsoe"]
[Date "2010.07.31"]
[Round "1"]
[White "Leon Hoyos, Manuel"]
[Black "Obers, Frits"]
[Result "1-0"]
[WhiteElo "2556"]
[BlackElo "2112"]
[PlyCount "49"]
[EventDate "2010.07.31"]
[EventType "swiss"]
[EventRounds "9"]
[EventCountry "NOR"]
[SourceTitle "CBM 137 Extra"]
[Source "ChessBase"]
[SourceDate "2010.09.01"]
[SourceVersion "1"]
[SourceVersionDate "2010.09.01"]
[SourceQuality "1"]

1. e4 c5 2. Nf3 g6 3. d4 cxd4 4. Nxd4 Nc6 5. Nc3 Bg7 6. Nb3 Bxc3+ 7. bxc3 Nf6 8. Bd3 d5 9. exd5 Qxd5 10. 0-0 Bf5 11. c4 Qd6 12. Bxf5 Qxd1 13. Rxd1 gxf5 14. Bb2 Rc8 15. Bxf6 exf6 16. Rd6 Ke7 17. c5 Nd8 18. Rad1 Rc7 19. Na5 Ne6 20. c6 bxc6 21. Nxc6+ Kf8 22. R1d3 Kg7 23. Rg3+ Kh6 24. Nd4 Nxd4 25. Rxd4 1-0

[Event "Gibraltar Masters 7th"]
[Site "Gibraltar"]
[Date "2009.02.03"]
[Round "8"]
[White "Obers, Frits"]
[Black "Urbina Perez, Juan Antonio"]
[Result "1/2-1/2"]
[WhiteElo "2107"]
[BlackElo "2215"]
[PlyCount "61"]
[EventDate "2009.01.27"]
[EventType "swiss"]
[EventRounds "10"]
[EventCountry "ENG"]
[SourceTitle "CBM 128 Extra"]
[Source "ChessBase"]
[SourceDate "2009.03.05"]
[SourceVersion "2"]
[SourceVersionDate "2009.03.25"]
[SourceQuality "1"]

1. c4 Nf6 2. Nc3 c6 3. d4 d5 4. e3 e6 5. Nf3 Nbd7 6. Bd3 dxc4 7. Bxc4 b5 8. Bd3 Bd6 9. e4 e5 10. dxe5 Nxe5 11. Nxe5 Bxe5 12. Qe2 b4 13. Nd1 Qc7 14. Bd2 a5 15. a3 Rb8 16. axb4 axb4 17. h3 0-0 18. 0-0 Re8 19. Be3 Bf4 20. Qf3 Bxe3 21. Nxe3 Qe5 22. Nc4 Qd4 23. e5 Nd5 24. Rfd1 Qf4 25. Qxf4 Nxf4 26. Be4 Be6 27. Nd6 Red8 28. Bxc6 Ng6 29. Bd5 Nxe5 30. Bxe6 fxe6 31. b3 1/2-1/2

[Event "Gibraltar Masters 7th"]
[Site "Gibraltar"]
[Date "2009.02.01"]
[Round "6"]
[White "Ashton, Adam"]
[Black "Obers, Frits"]
[Result "1/2-1/2"]
[WhiteElo "2321"]
[BlackElo "2107"]
[PlyCount "72"]
[EventDate "2009.01.27"]
[EventType "swiss"]
[EventRounds "10"]
[EventCountry "ENG"]
[SourceTitle "CBM 128 Extra"]
[Source "ChessBase"]
[SourceDate "2009.03.05"]
[SourceVersion "2"]
[SourceVersionDate "2009.03.25"]
[SourceQuality "1"]

1. e4 c5 2. Nf3 g6 3. c4 Nc6 4. d4 cxd4 5. Nxd4 Nf6 6. Nc3 d6 7. Be2 Nxd4 8. Qxd4 Bg7 9. Bg5 0-0 10. Qd2 a5 11. 0-0 a4 12. Rab1 Qa5 13. Rfc1 Be6 14. b4 axb3 15. axb3 Qb4 16. Qe3 Rfe8 17. Nb5 Rec8 18. Qd3 Ra2 19. Nc3 Ra3 20. Bd2 Qb6 21. Nb5 Ra2 22. Be3 Qd8 23. Nd4 Bd7 24. f3 Ne8 25. Bf1 Nc7 26. b4 Ne6 27. Nb3 Ba4 28. Nd4 Nxd4 29. Bxd4 Bc2 30. Rxc2 Bxd4+ 31. Kh1 Rxc2 32. Qxc2 e5 33. Qd2 Kg7 34. f4 Qf6 35. f5 gxf5 36. exf5 Qxf5 1/2-1/2

[Event "Bayern-chI Bank Hofmann 12th"]
[Site "Bad Wiessee"]
[Date "2008.11.06"]
[Round "6"]
[White "Raykhman, Alexander"]
[Black "Obers, Frits"]
[Result "1/2-1/2"]
[WhiteElo "2262"]
[BlackElo "2097"]
[PlyCount "43"]
[EventDate "2008.11.01"]
[EventType "swiss"]
[EventRounds "9"]
[EventCountry "GER"]
[SourceTitle "EXT 2009"]
[Source "ChessBase"]
[SourceDate "2008.11.26"]
[SourceVersion "1"]
[SourceVersionDate "2008.11.26"]
[SourceQuality "1"]

1. e4 c5 2. Nf3 g6 3. d4 cxd4 4. Nxd4 Nc6 5. Nc3 Bg7 6. Nde2 Nf6 7. g3 b5 8. Bg2 Rb8 9. 0-0 0-0 10. h3 d6 11. Nd5 a6 12. Nxf6+ Bxf6 13. a3 Bb7 14. c3 a5 15. Bf4 e5 16. Be3 Ne7 17. a4 Bc6 18. axb5 Bxb5 19. Qd2 Qc7 20. Rfd1 Rfd8 21. Ra3 Bc4 22. Qc2 1/2-1/2

[Event "Dieren op"]
[Site "Dieren"]
[Date "2008.07.29"]
[Round "7"]
[White "Obers, Frits"]
[Black "Markus, John Raymond"]
[Result "1/2-1/2"]
[WhiteElo "2112"]
[BlackElo "2179"]
[PlyCount "83"]
[EventDate "2008.07.22"]
[EventType "swiss"]
[EventRounds "9"]
[EventCountry "NED"]
[SourceTitle "CBM 125 Extra"]
[Source "ChessBase"]
[SourceDate "2008.09.01"]
[SourceVersion "1"]
[SourceVersionDate "2008.09.01"]
[SourceQuality "1"]

1. c4 e5 2. g3 Nc6 3. Bg2 f5 4. Nc3 Nf6 5. e3 Bb4 6. Nd5 a5 7. Ne2 0-0 8. 0-0 Re8 9. d4 Bf8 10. a3 d6 11. Rb1 e4 12. Nec3 Nxd5 13. cxd5 Ne7 14. b4 Kh8 15. f3 exf3 16. Qxf3 Ng8 17. e4 g6 18. e5 axb4 19. axb4 dxe5 20. dxe5 Bg7 21. e6 Bxe6 22. dxe6 Qd4+ 23. Kh1 Qxc3 24. Qxc3 Bxc3 25. Bxb7 Rab8 26. Bd5 Nf6 27. Bc4 Ne4 28. Rf3 Bg7 29. Be3 c5 30. Bf4 Rxb4 31. Rxb4 cxb4 32. Rb3 g5 33. Be3 Rb8 34. e7 Bf6 35. Be6 Re8 36. Rxb4 Rxe7 37. Rb6 Kg7 38. Bxf5 Nxg3+ 39. hxg3 Rxe3 40. Rb7+ Be7 41. g4 h6 42. Kg2 1/2-1/2

[Event "Dieren op"]
[Site "Dieren"]
[Date "2008.07.26"]
[Round "5"]
[White "Obers, Frits"]
[Black "Theulings, Paul Peter"]
[Result "0-1"]
[WhiteElo "2112"]
[BlackElo "2148"]
[PlyCount "60"]
[EventDate "2008.07.22"]
[EventType "swiss"]
[EventRounds "9"]
[EventCountry "NED"]
[SourceTitle "CBM 125 Extra"]
[Source "ChessBase"]
[SourceDate "2008.09.01"]
[SourceVersion "1"]
[SourceVersionDate "2008.09.01"]
[SourceQuality "1"]

1. c4 Nf6 2. g3 e5 3. Bg2 Nc6 4. Nc3 Bc5 5. a3 a5 6. e3 0-0 7. Nge2 Re8 8. 0-0 d6 9. d4 exd4 10. exd4 Ba7 11. h3 h6 12. g4 Nh7 13. Be3 Qh4 14. Qd3 h5 15. f3 Ng5 16. Bf2 Nxh3+ 17. Bxh3 Qxh3 18. Nf4 Ne5 19. dxe5 Qg3+ 20. Ng2 Bxg4 21. Bxa7 Bh3 22. Rf2 Rxa7 23. Nb5 Ra6 24. Nxc7 Rxe5 25. Nxa6 bxa6 26. Rd1 h4 27. c5 d5 28. Qd4 Rg5 29. f4 Bxg2 30. fxg5 h3 0-1

[Event "Gausdal op-A"]
[Site "Gausdal"]
[Date "2008.04.13"]
[Round "6"]
[White "Obers, Frits"]
[Black "Eriksen, Terje"]
[Result "0-1"]
[WhiteElo "2111"]
[BlackElo "2170"]
[PlyCount "152"]
[EventDate "2008.04.08"]
[EventType "swiss"]
[EventRounds "9"]
[EventCountry "NOR"]
[SourceTitle "CBM 123 Extra"]
[Source "ChessBase"]
[SourceDate "2008.05.06"]
[SourceVersion "1"]
[SourceVersionDate "2008.05.06"]
[SourceQuality "1"]

1. d4 Nf6 2. Nf3 g6 3. Bf4 Bg7 4. h3 0-0 5. e3 d6 6. Be2 c6 7. 0-0 Qb6 8. Qc1 Ne4 9. c4 Nd7 10. Qc2 f5 11. Nc3 e5 12. Bh2 Nxc3 13. Qxc3 f4 14. Rad1 Qd8 15. Qc2 Qe7 16. exf4 exf4 17. Rfe1 Qf6 18. b3 g5 19. Qe4 Nb6 20. Bd3 Bf5 21. Qxf5 Qxf5 22. Bxf5 Rxf5 23. Rd3 h6 24. g3 fxg3 25. fxg3 Raf8 26. Nd2 d5 27. c5 Nd7 28. g4 R5f7 29. Bd6 Rd8 30. Rf1 Rxf1+ 31. Nxf1 Re8 32. Kf2 Re4 33. Ng3 Rxd4 34. Re3 Rf4+ 35. Ke2 Rf7 36. Re8+ Kh7 37. Nf5 Bb2 38. Re6 Bg7 39. Kd3 Nf8 40. Re8 Ng6 41. Ke3 Bb2 42. Re6 Rf6 43. Re8 Rf7 44. Re6 Bf6 45. Re8 Nh4 46. Ng3 Bb2 47. Ke2 Ng2 48. Nf5 Nh4 49. Ng3 Nf3 50. Nf5 Nd4+ 51. Nxd4 Bxd4 52. Kd3 Bf6 53. Ra8 a6 54. Rc8 h5 55. Rb8 hxg4 56. hxg4 Kg6 57. Ke2 Rh7 58. Rg8+ Kf7 59. Rb8 Ke6 60. Kf3 Rf7 61. Ke3 Be7 62. Bxe7 Rxe7 63. b4 Kf6+ 64. Kd3 Rf7 65. Rg8 Re7 66. Rb8 Re4 67. Rxb7 Rxg4 68. Rb6 Ke5 69. Rxc6 Rg3+ 70. Ke2 Ra3 71. Rg6 Rxa2+ 72. Kf3 Ra3+ 73. Kg4 d4 74. Rxg5+ Ke4 75. c6 d3 76. Rg8 Rc3 0-1

[Event "Gausdal op-A"]
[Site "Gausdal"]
[Date "2008.04.12"]
[Round "5"]
[White "Getz, Nicolai"]
[Black "Obers, Frits"]
[Result "0-1"]
[WhiteElo "2058"]
[BlackElo "2111"]
[PlyCount "78"]
[EventDate "2008.04.08"]
[EventType "swiss"]
[EventRounds "9"]
[EventCountry "NOR"]
[SourceTitle "CBM 123 Extra"]
[Source "ChessBase"]
[SourceDate "2008.05.06"]
[SourceVersion "1"]
[SourceVersionDate "2008.05.06"]
[SourceQuality "1"]

1. e4 c5 2. Nf3 d6 3. d4 cxd4 4. Nxd4 Nf6 5. Nc3 a6 6. g3 Nc6 7. Bg2 Bd7 8. 0-0 e6 9. Be3 Be7 10. f4 0-0 11. h3 h6 12. Qe2 Qc7 13. Kh1 Rac8 14. Rad1 b5 15. Nb3 Rb8 16. e5 dxe5 17. fxe5 Nh7 18. Nc5 Bc8 19. Nd3 Na5 20. Ne4 Nc4 21. Bf4 Bb7 22. Qh5 g5 23. Qxh6 gxf4 24. Nf6+ Bxf6 25. exf6 Bxg2+ 26. Kxg2 Ne3+ 27. Kg1 Nf5 28. Qxf4 Qxf4 29. Rxf4 Rfd8 30. Re1 Rbc8 31. g4 Nh4 32. Rf2 Ng5 33. Re3 Rd5 34. Kh2 Rc4 35. Kg3 Ng6 36. Rfe2 Nh7 37. b3 Rc3 38. Rf2 Ne5 39. Rxe5 Rxe5 0-1

[Event "Gibraltar Masters 6th"]
[Site "Gibraltar"]
[Date "2008.01.22"]
[Round "1"]
[White "Lode, Marius Skjefstad"]
[Black "Obers, Frits"]
[Result "1/2-1/2"]
[WhiteElo "1822"]
[BlackElo "2094"]
[PlyCount "78"]
[EventDate "2008.01.22"]
[EventType "swiss"]
[EventRounds "10"]
[EventCountry "ENG"]
[SourceTitle "CBM 122 Extra"]
[Source "ChessBase"]
[SourceDate "2008.03.04"]
[SourceVersion "1"]
[SourceVersionDate "2008.03.04"]
[SourceQuality "1"]

1. Nc3 c5 2. e4 Nc6 3. Nf3 g6 4. d4 cxd4 5. Nxd4 Bg7 6. Be3 Nf6 7. Be2 0-0 8. 0-0 d5 9. exd5 Nxd5 10. Nxd5 Qxd5 11. Bf3 Qa5 12. c3 Nxd4 13. Bxd4 e5 14. Be3 Be6 15. Qc1 Qc7 16. Bh6 f5 17. Bxg7 Kxg7 18. b3 e4 19. Be2 Rac8 20. c4 Qe5 21. Kh1 Rf7 22. f3 Rcc7 23. fxe4 fxe4 24. Qc2 Rcd7 25. Rxf7+ Rxf7 26. Rf1 Rxf1+ 27. Bxf1 Qa1 28. Kg1 Qd4+ 29. Kh1 Qa1 30. Kg1 Qd4+ 31. Kh1 e3 32. h3 Bf5 33. Qe2 Be4 34. Qg4 Qe5 35. Be2 h5 36. Qd7+ Kh6 37. Qd8 Qa1+ 38. Kh2 Qe5+ 39. Kh1 Qa1+ 1/2-1/2

[Event "Monarch Assurance 16th"]
[Site "Port Erin"]
[Date "2007.09.29"]
[Round "8"]
[White "Cox, John J"]
[Black "Obers, Frits"]
[Result "1-0"]
[WhiteElo "2381"]
[BlackElo "2073"]
[PlyCount "115"]
[EventDate "2007.09.22"]
[EventType "swiss"]
[EventRounds "9"]
[EventCountry "IOM"]
[SourceTitle "CBM 120 Extra"]
[Source "ChessBase"]
[SourceDate "2007.11.01"]
[SourceVersion "1"]
[SourceVersionDate "2007.11.01"]
[SourceQuality "1"]

1. d4 Nf6 2. c4 c5 3. d5 e6 4. Nc3 exd5 5. cxd5 d6 6. e4 g6 7. Bd3 Bg7 8. h3 0-0 9. Nf3 b5 10. Bxb5 Nxe4 11. Nxe4 Qa5+ 12. Nfd2 Qxb5 13. Nxd6 Qa6 14. N2c4 Nd7 15. 0-0 Ne5 16. Nxe5 Qxd6 17. Nc4 Qd7 18. Be3 Ba6 19. Rc1 Rfd8 20. d6 Bxc4 21. Rxc4 Bxb2 22. Bxc5 Rac8 23. Qc2 Be5 24. Rd1 Qc6 25. Rc1 Bxd6 26. Bxa7 Qxc4 27. Qxc4 Rxc4 28. Rxc4 Be5 29. f4 Rd1+ 30. Kh2 Bf6 31. Rc2 h5 32. g4 hxg4 33. hxg4 g5 34. fxg5 Bxg5 35. a4 Bd8 36. Rc4 Kg7 37. Kg3 Kg6 38. Kf3 Re1 39. Bd4 Re6 40. Kf4 Ra6 41. Ke4 Kg5 42. Kd5 f5 43. Be3+ Kg6 44. gxf5+ Kxf5 45. Rf4+ Kg6 46. Bf2 Be7 47. Bh4 Bxh4 48. Rxh4 Ra5+ 49. Kc6 Kf7 50. Re4 Rh5 51. Kb6 Rh6+ 52. Kb7 Rh5 53. Rb4 Ke6 54. Rb5 Rh4 55. a5 Kd6 56. a6 Rh7+ 57. Kb6 Rh8 58. a7 1-0

[Event "Gibraltar Masters"]
[Site "Gibraltar"]
[Date "2007.02.01"]
[Round "9"]
[White "Obers, Frits"]
[Black "Wade, Robert Graham"]
[Result "1/2-1/2"]
[WhiteElo "2071"]
[BlackElo "2173"]
[PlyCount "73"]
[EventDate "2007.01.23"]
[EventType "swiss"]
[EventRounds "9"]
[EventCountry "ENG"]
[SourceTitle "CBM 116 Extra"]
[Source "ChessBase"]
[SourceDate "2007.03.07"]
[SourceVersion "1"]
[SourceVersionDate "2007.03.07"]
[SourceQuality "1"]

1. d4 d6 2. e4 g6 3. Bd3 Bg7 4. Nf3 Bg4 5. c3 c5 6. dxc5 dxc5 7. Bb5+ Bd7 8. Bxd7+ Qxd7 9. Qxd7+ Nxd7 10. a4 Ngf6 11. Nfd2 Ne5 12. Ke2 0-0-0 13. f3 Nd3 14. Nc4 Nxc1+ 15. Rxc1 Nh5 16. g3 f5 17. exf5 gxf5 18. Nba3 f4 19. Kf2 fxg3+ 20. hxg3 Nf6 21. Rd1 Rxd1 22. Rxd1 Rd8 23. Rxd8+ Kxd8 24. f4 a6 25. Kf3 Kc7 26. Ne5 Nd7 27. Nxd7 Kxd7 28. Ke4 e6 29. Nc4 b5 30. axb5 axb5 31. Ne5+ Kd6 32. Nf3 Bf6 33. g4 Kc6 34. Ne5+ Kd6 35. Nf3 Kc6 36. Ne5+ Kd6 37. Nf3 1/2-1/2

[Event "Gibraltar Challengers Week1"]
[Site "Gibraltar"]
[Date "2007.01.27"]
[Round "5"]
[White "Obers, Frits"]
[Black "Vickery, Jim"]
[Result "1/2-1/2"]
[WhiteElo "2071"]
[BlackElo "2132"]
[PlyCount "48"]
[EventDate "2007.01.23"]
[EventType "swiss"]
[EventRounds "5"]
[EventCountry "ENG"]
[SourceTitle "EXT 2008"]
[Source "ChessBase"]
[SourceDate "2007.11.25"]
[SourceVersion "1"]
[SourceVersionDate "2007.11.25"]
[SourceQuality "1"]

1. d4 Nf6 2. c4 d6 3. Nc3 e5 4. Nf3 Nbd7 5. e3 g6 6. Be2 Bg7 7. 0-0 0-0 8. b4 a5 9. b5 Re8 10. Ba3 b6 11. Rc1 Bb7 12. c5 dxc5 13. dxc5 Bf8 14. c6 Bxa3 15. cxb7 Rb8 16. Rc2 Rxb7 17. Bc4 Bd6 18. Ng5 Rf8 19. Nce4 Nxe4 20. Nxe4 Nf6 21. Nxf6+ Qxf6 22. e4 Rbb8 23. Bd5 Qe7 24. Rc3 Kg7 1/2-1/2